000 00492nam a2200157 i 4500
001 81624
003 ES-MaACL
007 t|
008 041105s1913 xxk ||||1| eng d
100 1 _aHutton, Edward.
_964849
245 1 0 _aRavenna /
_ca study by Edward Hutton ; illustrated in colour and line by Harold Sund.
260 _aLondon :
_b[Letchworth :
_bThe Temple Press],
_c1913.
300 _aXII, 300 p., 10 lám. ;
_c21 cm.
700 1 _aSund, Harold.
_9108783
852 _aES-MaACL
_jB-153
999 _c81624
_d81624